Photophysiology. V 1. General principles action of light on plants. (Record no. 20575)

MARC details
000 -LEADER
fixed length control field 00376nam a2200133Ia 4500
082 ## - DEWEY DECIMAL CLASSIFICATION NUMBER
Classification number 577.345
Item number GIE.1
245 #0 - TITLE STATEMENT
Title Photophysiology. V 1. General principles action of light on plants.
260 ## - PUBLICATION, DISTRIBUTION, ETC. (IMPRINT)
Place of publication New York
Name of publisher Academic
Year of publication 1964
650 ## - SUBJECT ADDED ENTRY--TOPICAL TERM
Topical Term Photophysiology
650 ## - SUBJECT ADDED ENTRY--TOPICAL TERM
Topical Term Phototropism
700 ## - ADDED ENTRY--PERSONAL NAME
Personal name GIESE, Arthur C
942 ## - ADDED ENTRY ELEMENTS (KOHA)
Koha item type Books
Holdings
Withdrawn status Lost status Damaged status Not for loan Home library Current library Date acquired Full call number Accession Number Koha item type
        RRII Library RRII Library 16/12/2021 577.345 GIE.1 01298 Books